Estatísticas para Estados do Brasil pelas duas primeiras Letras em 30 Segundos

Clique aqui para jogar o quiz

Estatísticas Gerais

  • Esse quiz foi jogado 26 110 vezes
  • A pontuação média é 19 de 27

Respostas no mapa

Respostas codificadas por cores de uma escala verde-vermelha no mapa do quiz de acordo com a % correta abaixo.
Carregando ...
 

Estatísticas das Respostas

Estado% Correto
Rio Grande do Sul
88%
Rio Grande do Norte
88%
Rio de Janeiro
88%
Amapá
87%
Amazonas
87%
São Paulo
87%
Santa Catarina
87%
Pará
82%
Paraíba
82%
Paraná
82%
Maranhão
79%
Mato Grosso
79%
Mato Grosso do Sul
79%
Acre
75%
Roraima
70%
Rondônia
70%
Minas Gerais
68%
Bahia
67%
Goiás
60%
Tocantins
58%
Espírito Santo
52%
Pernambuco
50%
Piauí
47%
Distrito Federal
47%
Ceará
44%
Sergipe
44%
Alagoas
39%

Distribuição das Pontuações

Percentil de Números Respondidos

Porcentagem de Pessoas com Cada Pontuação

Sua Pontuação Histórica

Você não jogou esse quiz